000
00211 a2200097 4500
001
30721
100
_a
Daniel, D S
245
_a
Flight five Africa
260
_a
England
_b
ladybird Bks
_c
090
_c
20653
_d
20653
942
_a
NUST-CAE
_c
M
_c
11840
999
_c
265794
_d
265794